Convención nacional de la producción y del comercio 1967 1968
Na minha lista:
| Formato: | Livro |
|---|---|
| Idioma: | espanhol |
| Publicado em: |
Santiago
Confederación de la Producción y del Comercio
1968
|
| Assuntos: | |
| Tags: |
Adicionar Tag
Sem tags, seja o primeiro a adicionar uma tag!
|
MARC
| LEADER | 00000nam a2200000 a 4500 | ||
|---|---|---|---|
| 001 | UCT7771 | ||
| 003 | CL-VaPUC | ||
| 008 | 970317e19680000CL |||||||||||||||||spa|d | ||
| 082 | 0 | 4 | |a 380.1 |b CON |2 21 |
| 245 | 1 | 0 | |a Convención nacional de la producción y del comercio 1967 1968 |
| 300 | |a 2 v | ||
| 942 | |c BK | ||
| 945 | |d 19970317 00:00:00 |a nastorga | ||
| 260 | |a Santiago |b Confederación de la Producción y del Comercio |c 1968 | ||
| 650 | 0 | |a Comercio |9 255341 | |
| 650 | 0 | |a Producción |9 263680 | |
| 650 | 7 | |a EMPRESAS PRIVADAS |2 CL-VaPUC |9 314122 | |
| 650 | 0 | |a Construcción |9 260195 | |
| 650 | 7 | |a SERVICIOS |2 CL-VaPUC |9 333888 | |
| 650 | 0 | |a Educación |9 258661 | |
| 650 | 0 | |a Formación profesional |9 257232 | |
| 583 | |a last modification |c 19970317 00:00:00 |k Rodrigo Vera | ||
| 999 | |c 256318 |d 256316 | ||
| 952 | |0 0 |1 0 |4 0 |6 380_100000000000000_CON_1968 |7 0 |8 P |9 278985 |a BIBDER |b BIBDER |d 2019-11-19 |h v.1 |i 1810758 |o 380.1 CON 1968 |p 1810758 |r 2023-01-25 |w 2019-11-19 |y BK |k DER | ||
| 952 | |0 0 |1 0 |4 0 |6 380_100000000000000_CON_1968 |7 0 |8 P |9 278986 |a BIBDER |b BIBDER |d 2019-11-19 |h v.2 |i 1810766 |o 380.1 CON 1968 |p 1810766 |r 2023-01-25 |w 2019-11-19 |y BK |k DER | ||